000 00704nam a22002297a 4500
003 UA-OsUOA
001 48443
007 ta
008 20130524b un ||||| |||| 00| 0 ukr d
090 _a017
_bУ42
942 _cBK
040 _aUA-OsUOA
_brus
_cUA-OsUOA
_dUA-OsUOA
245 _aУказатель источниковъ малороссійскаго края
_bВып. 1
300 _a121 с.
955 _a1
041 _arus
080 _a017
260 _aСПб
_c1858
650 7 _a01 Бібліографія і бібліографії. Каталоги
_2UDC
999 _c428545
_d428545